Microteaching : a programme of teaching skills

Bibliographic Details
Main Author: Brown, George (Author)
Format: Book
Published: London ; : Methuen , 1975
Subjects:

MARC

LEADER 00000cam a2200000 7i4500
001 0000007210
005 20021119093000.0
008 021119n
020 |a 041683020X 
090 0 0 |a LB1044.9.M5   |b B7 
100 0 |a Brown, George ,   |e author 
245 0 0 |a Microteaching :   |b a programme of teaching skills   |c George Brown 
260 2 |a London ; :   |b Methuen ,   |c 1975 
300 |a 163 p. ; ;   |c 25 cm. 
501 |a Includes index 
650 0 |a Microteaching 
999 |a 1000026443   |b Book   |c OPEN SHELF (30 DAYS)   |e Gong Badak Campus